[Event "RUS-Cup01 Chigorin Memorial"]
[Site "St Petersburg"]
[Date "1997.11.02"]
[Round "2"]
[White "Loskutov, Oleg"]
[Black "Rustemov, Alexander"]
[Result "0-1"]
[WhiteElo "2375"]
[BlackElo "2535"]
[Annotator "Finkel,A"]
[PlyCount "80"]
[EventDate "1997.11.01"]
[EventType "swiss"]
[EventRounds "9"]
[EventCountry "RUS"]
[SourceTitle "CBM 062"]
[Source "ChessBase"]
[SourceDate "1998.01.31"]
[SourceVersion "1"]
[SourceVersionDate "1998.01.31"]
[SourceQuality "1"]

1. e4 e6 2. d4 d5 3. Nc3 dxe4 4. Nxe4 Bd7 5. Nf3 Bc6 6. Bd3 Nd7 7. O-O Ngf6 8.
Ng3 Be7 9. c4 (9. b3 O-O 10. Bb2 (10. c4 Rb8 $5 11. Bb2 b5 12. Ne5 Nxe5 13.
dxe5 Nd7 14. Qc2 bxc4 15. Bxc4 $14 {Van Wely,L-Martin,A/Dieren op 1990 (24)})
10... Bxf3 11. Qxf3 c6 12. c4 Re8 13. Rfe1 Nf8 14. h4 $5 Qc7 15. Rac1 $14 {
Shirov,A-Huebner,R/Muenchen 57/284 1993 (51)}) 9... O-O 10. b3 (10. a3 $5 Bxf3
11. Qxf3 c5 $1 12. Be3 cxd4 13. Bxd4 Nc5 $1 14. Bxf6 Bxf6 15. Bxh7+ $8 Kxh7 16.
Qh5+ Kg8 17. Qxc5 Bxb2 18. Rab1 b6 19. Qb4 Be5 $15 {Short,N-Khalifman,A;1992;1/
2-1/2}) (10. Bf4 Bxf3 11. Qxf3 c6 (11... c5 12. dxc5 Nxc5 13. Bc2 Qb6 14. b3
Rfd8 15. Rfe1 Rd7 16. Be5 Rad8 $11 {Ashlanian,L-Arkell,S/Debrecen/1992/0-1 (51)
}) 12. Rad1 Qb6 (12... Re8 13. Bb1 Qb6 (13... Bf8 14. Rfe1 g6 15. h3 Bg7 16. a3
a5 17. Ba2 a4 18. Bd2 Qc7 $132 {Chandler,M-Richter,W/BL 9293 (1992) ;BL 90
1993 (28)}) 14. Qc3 Bb4 15. Qc2 Bf8 16. Rd3 (16. Rfe1 $142 g6 17. a3 a5 18. Ba2
$14) 16... g6 17. h3 c5 18. d5 exd5 19. cxd5 a6 20. Rb3 (20. a3 Rad8 21. Ba2
Ne5 22. Bxe5 Rxe5 23. Rfd1 Qd6 $15) 20... Qa7 21. Qd2 b5 $13 {
Solozhenkin-Rustemov,1996,1-0}) 13. Bc1 $1 Rfd8 14. Rfe1 Nf8 $2 15. Nf5 $1 Qc7
16. Qg3 $1 Qxg3 17. Nxe7+ Kh8 18. hxg3 $18 {Ponomaryev-Mahakgyliev,Zagan,1997,
1-0}) 10... Bxf3 11. Qxf3 c5 (11... c6 12. Bb2 Qa5 13. a3 b5 $5 14. Bc3 Qb6 15.
Ne4 Nxe4 16. Qxe4 Nf6 17. Qe2 Rfd8 18. Qc2 {Velicka,P-McDonald,N;1994;1/2-1/2})
12. Qxb7 (12. Bb2 $5 cxd4 13. Bxd4 Nc5 14. Rad1 $1 Nxd3 15. Rxd3 Qc7 16. Nh5
Nxh5 17. Qxh5 Qf4 $11 {Czebe,A-Lehmann,Z/Budapest FS05 IM 1993/1-0 (55)}) 12...
cxd4 13. Bb2 Nc5 (13... Ne5 $5 14. Rad1 Rb8 15. Qa6 Bc5 16. Ba3 Qe7 17. Bxc5
Qxc5 $15 {Aranda Marin-Garsia Lopez,1994,1/2-1/2}) 14. Qf3 {The arising
position is very difficult to assese:each side has some pluses and the side
whose pluses will prove to be more significient will sieze initiative.} e5 15.
Rae1 $6 {First step in wrong direction:rook's place is on d1 and there is no
question about it.} (15. Rad1 $5 Re8 16. Rfe1 Bf8 17. Bb1 a5 18. Bc1 $36) 15...
Qc7 16. Bc2 Rfe8 17. Qe2 (17. Nf5 $5 e4 18. Qg3 Qxg3 19. fxg3 $1 d3 20. Bd1 Bd8
$13) 17... Bf8 18. Ne4 $6 {Another dubious decision showing that white doesn't
have a clear plan and doesn't fully understand the position.The exchange of
the knights is strategical mistake passing the initiative to black.} Ncxe4 $1 (
18... Nfxe4 $6 {[%csl Rd5]} 19. Bxe4 Nxe4 (19... Rad8 20. Bd5 Bd6 21. Rd1 a5
22. Rfe1 Rb8 23. Ba3 $14) 20. Qxe4 Qa5 21. a3 Qa6 22. Qd3 Rac8 23. Re2 Re6 24.
Rfe1 $13) 19. Bxe4 Rad8 $15 20. Rd1 Bc5 21. Bc1 h6 $1 {Preventing Bg5.} 22. Rd3
Qd7 23. f3 $1 {Inspite of inacuracies in the opeening white has very solid
position aand black has to work very hard to break through!} (23. Rfd1 $6 Nxe4
24. Qxe4 f5 25. Qh4 e4 26. Rg3 Kh7 27. Qh5 Qe6 $15) 23... a5 $5 {Starting the
attack on white's queenside.} 24. Bd2 Bb4 25. Bc1 {White is deprived of active
counterplay and he has to wait for black to weaken something and than to play
against it.} Qd6 26. Kh1 a4 27. Qf2 axb3 28. axb3 Rb8 $1 {Letting white know
that pawn on b3 needs protection.} 29. Rdd1 Bc3 30. Bc2 Nd7 31. Qe2 Nc5 32. Ba3
$1 Bb4 (32... Ra8 33. Bxc5 Qxc5 34. Qe4 g6 35. g4 $1 Ra2 36. f4 (36. h4 $6 Qe7
37. h5 Qh4+ 38. Kg2 f5 39. Qd5+ Kh8 $1 40. Rf2 fxg4 $17) 36... Re6 37. f5 Rb6
38. fxg6 fxg6 39. Rf3 $132) 33. Bxb4 Rxb4 34. f4 $1 e4 35. Qd2 $1 {[%cal Gd2d4,
Gd2b4]} Rxb3 $5 {Fighting till the end!Other capture on b3 would lead to draw:}
(35... Nxb3 36. Bxb3 Rxb3 37. Qxd4 Qxd4 38. Rxd4 e3 39. Re1 $11) 36. Qxd4 $2 (
36. Bxb3 Nxb3 37. Qb2 Rb8 38. Qc2 d3 $1 (38... f5 $5 39. Rb1 $1 (39. c5 $6 Qd5
(39... Nxc5 $5 40. Qc4+ Ne6 41. Rxd4 $1 Qxd4 42. Qxe6+ Kh8 43. Qxf5 Qf2 $1 44.
Rg1 e3 45. h3 e2 46. Qe5 Rd8 47. f5 $15) 40. c6 Rc8 41. c7 Nc5 $1 42. Qb2 Ne6
43. Qb8 Qd7 $17) 39... Nc5 (39... Qb4 $2 40. c5 d3 41. Qd1 Qc4 42. c6 e3 43. c7
$16) 40. Rxb8+ Qxb8 41. Qd2 (41. Qa2 d3 42. Qa5 Qd6 43. Qa8+ Kf7 $1 $17 {
[%cal Gd3d2,Ge4e3]}) 41... Qd6 42. g3 $1 e3 43. Qe2 Qc6+ 44. Kg1 $13) 39. Qc3
Nc5 $1 40. Rfe1 $5 Qxf4 41. Qd4 Rc8 42. Kg1 Kh7 $5 $15) 36... Qxd4 37. Rxd4 Rb2
38. Bd1 $2 (38. Rd2 $8 Reb8 $1 (38... e3 $4 39. Bh7+ $18) (38... Nb3 39. Re2
Rd8 (39... Nd4 $2 40. Rxe4) 40. Rfe1 Nd4 41. Rd1 f5 $15) 39. Re2 Ne6 40. Bd1
Rxe2 41. Bxe2 Rb2 42. Bd1 e3 $17) (38. Bb1 $6 e3 39. Re1 e2 $1 40. Bf5 g6 41.
Rd5 gxf5 42. Rxc5 Rb1 $1 $19) 38... e3 $19 39. Bf3 (39. Rd5 Nb7 40. Re1 e2 41.
Ba4 Rb1 $3) 39... e2 40. Re1 Rb1 $1 0-1

[Event "RUS-Cup01 Chigorin Memorial"]
[Site "St Petersburg"]
[Date "1997.11.07"]
[Round "7"]
[White "Lobzhanidze, Davit"]
[Black "Yagupov, Igor"]
[Result "0-1"]
[WhiteElo "2515"]
[BlackElo "2415"]
[Annotator "Finkel,A"]
[PlyCount "89"]
[EventDate "1997.11.01"]
[EventType "swiss"]
[EventRounds "9"]
[EventCountry "RUS"]
[SourceTitle "CBM 062"]
[Source "ChessBase"]
[SourceDate "1998.01.31"]
[SourceVersion "1"]
[SourceVersionDate "1998.01.31"]
[SourceQuality "1"]

1. e4 {Hecht} e6 2. d4 d5 3. Nd2 dxe4 4. Nxe4 Nd7 5. Nf3 Ngf6 6. Bg5 h6 7.
Nxf6+ Nxf6 8. Bd2 (8. Bxf6 $5 gxf6 9. Bc4 c6 10. Qe2 Qa5+ 11. c3 Bd7 12. O-O-O
O-O-O 13. Kb1 h5 14. g3 $14 {Brodsky,M-Pushkov,N/Sochi 1993 (40)}) 8... c5 9.
Bd3 (9. dxc5 Bxc5 10. Bd3 Qb6 $5 11. O-O Qxb2 12. Qe2 O-O 13. Ne5 Qd4 14. Rad1
Qh4 $1 15. Qf3 Bd6 16. Bc3 Qh5 $15 {Unzicker,W-Janovsky,S/Moscow7 op 1991 (27)}
) (9. Bb5+ Bd7 10. Qe2 cxd4 11. Nxd4 Bc5 12. Bxd7+ Qxd7 13. Nb3 Be7 (13... Bb6
$5 14. O-O O-O 15. Rad1 Qa4 16. Bc3 Rfd8 $11 {Furhoff,J-Kortschnoj,V/
Copenhagen PC 1996/0-1 (61)}) 14. O-O-O Qa4 15. Kb1 Rc8 16. Bc1 Rc4 17. Qf3 Nd5
18. Rhe1 Nb4 $5 $13 {Hellers,F-Speelman,J/Novi Sad olm SVE-ENG 1990 (28)}) 9...
Qb6 (9... a6 $5 10. Qe2 b5 11. dxc5 Bxc5 12. O-O-O Qc7 13. Bc3 Bb7 14. Be5 Qb6
15. Bxf6 gxf6 16. Be4 $14) 10. Qe2 Qxb2 $6 {Extremly risky decision.Better was}
(10... cxd4 $5 11. O-O-O Bd6 12. Ne5 O-O 13. f4 {[%cal Gg2g5]} Nd5 $13 {
[%cal Gd5c3] with complicated position.}) 11. O-O Qb6 12. Rab1 Qc7 13. c4 $2 (
13. Bb5+ $1 Bd7 {[%tqu "En","","","","d4d5","",10,"b5d7","",0]} 14. d5 $1 (14.
Bxd7+ Nxd7 (14... Qxd7 $6 15. Ne5 Qc7 16. Qb5+ Nd7 17. Bf4 Bd6 18. Nxd7 Bxf4
19. Nb6+ Ke7 20. Nxa8 Rxa8 21. Qxc5+ Qxc5 22. dxc5 Rb8 23. Rfd1 $18) 15. d5 e5
16. Rfe1 (16. Qb5 $6 O-O-O 17. Rfe1 Bd6 18. Ba5 b6 19. c4 Rde8 $17 {[%cal
Ge5e4]}) 16... Bd6 17. Nxe5 O-O 18. Nxd7 Qxd7 $14) 14... Nxd5 (14... O-O-O 15.
Ba6 $18) (14... Bxb5 15. Qxb5+ Qd7 16. Qxd7+ Nxd7 17. Rxb7 exd5 18. Ba5 $1 Be7
19. Re1 {[%cal Gf3e5]} f6 20. Nh4 $18) (14... Be7 15. dxe6 fxe6 16. Ne5 $1 $18)
15. Bxd7+ Qxd7 (15... Kxd7 16. Qb5+ Ke7 17. Qxb7 Qxb7 18. Rxb7+ Kf6 19. c4 $16)
16. Ne5 Qc7 17. Qb5+ Kd8 18. Qxb7 Qxb7 19. Rxb7 f6 20. Ng6 Rg8 21. Nxf8 Rxf8
22. Rxg7 $18) 13... Be7 14. Rfe1 cxd4 15. Nxd4 O-O $17 16. Nb5 (16. Nf5 $5 Bc5
17. Nxh6+ gxh6 18. Bc3 (18. Qf3 $5) 18... Qf4 19. g3 Qg5 20. Rb5 Nd7 $17) 16...
Qc6 17. Rb3 Rd8 18. Bf4 b6 19. Bb1 Bb7 20. Rg3 Ne4 $1 (20... Kh8 $6 21. Be5 $1
{[%csl Rh7][%cal Ge2c2]} (21. Qe3 Nh5 22. Be5 f6 23. Rg6 fxe5 24. Qxe5 Nf6 $19)
21... a6 22. Qc2 Kg8 23. Rxg7+ Kxg7 24. Qh7+ Kf8 25. Qh8+ Ng8 26. Qg7+ Ke8 27.
Qxg8+ Kd7 28. Rd1+ Kc8 29. Rxd8+ Bxd8 30. Be4 $18) (20... Kf8 $5 21. Be5 Bb4
$17) 21. Bxe4 Qxe4 22. Qxe4 Bxe4 23. Bxh6 Bg6 $17 {[%csl Ra2,Rc4] The arising
ending is extremly unpleasent for white:pawn on c4 needs protection and
black's bishops pair is very strong.} 24. Bf4 Rd7 $1 25. Nc7 Rad8 26. h3 Rd1
27. Rxd1 Rxd1+ 28. Kh2 Rd3 $1 {Depriving white any counterchanses.} 29. Nb5 a6
30. Rxd3 Bxd3 31. Bd6 Kf8 32. Bxe7+ Kxe7 $19 {[%csl Rc4] The rest is easy
technicl job.} 33. Nc3 Bxc4 34. Kg3 b5 35. a3 Bd5 36. f4 Kd6 37. Kf2 Kc5 38. g4
Kc4 39. Nxd5 Kxd5 {[#] Hecht:  schwarzer Mehrbauer und keine Durchbruchschance
für Weiß am Königsflügel.} 40. h4 Ke4 41. Kg3 a5 42. h5 b4 43. axb4 axb4 44. f5
(44. g5 {Hecht} b3 {oder Kf5} 45. h6 gxh6 46. gxh6 b2 47. h7 b1=Q 48. h8=Q Qg1+
{Hecht: ist auch zu langsam}) 44... exf5 (44... e5 $4 {Hecht} 45. f6 gxf6 46.
h6 b3 47. h7 b2 48. h8=Q b1=Q 49. Qh7+ $18) (44... b3 {Hecht} 45. f6 gxf6 46.
h6 b2 47. h7 b1=Q 48. h8=Q Qg1+ $19) 45. g5 (45. g5 {Hecht} b3 (45... f4+ 46.
Kg4 Ke5 47. h6 gxh6 48. gxh6 Kf6 49. Kxf4 b3 $19) 46. h6 gxh6 47. gxh6 b2 48.
h7 b1=Q 49. h8=Q Qg1+ $19) 0-1

[Event "Montreal-A 5th"]
[Site "Montreal"]
[Date "2004.08.12"]
[Round "8"]
[White "Bluvshtein, Mark"]
[Black "Rozentalis, Eduardas"]
[Result "0-1"]
[WhiteElo "2462"]
[BlackElo "2619"]
[Annotator "Finkel,A"]
[PlyCount "65"]
[EventDate "2004.08.04"]
[EventType "tourn"]
[EventRounds "11"]
[EventCountry "CAN"]
[EventCategory "12"]
[SourceTitle "CBM 103"]
[Source "ChessBase"]
[SourceDate "2004.11.11"]
[SourceVersion "1"]
[SourceVersionDate "2004.11.11"]
[SourceQuality "1"]

1. e4 e6 2. d4 d5 3. Nc3 dxe4 4. Nxe4 Bd7 5. Nf3 Bc6 6. Bd3 Nd7 7. O-O Ngf6 8.
Ng3 Bxf3 9. Qxf3 c6 10. b3 Be7 11. Bb2 O-O 12. c4 Qa5 13. a3 Rfe8 14. Rfe1 (14.
Rfd1 Rac8 15. Rac1 Nf8 16. b4 Qd8 17. Ne4 Nxe4 18. Bxe4 Bf6 19. b5 Qd7 20. bxc6
bxc6 21. Bc3 $14 {Hennigan,M-Arkell,K/Swansea 1995}) 14... Rad8 (14... Bd6 15.
Rad1 Qg5 16. Bc2 Nf8 17. Ne4 Nxe4 18. Rxe4 Qe7 19. a4 f5 $2 20. Re2 Qg5 21. g3
$16 {Perunovic,M-Radojicic,A/Herceg Novi 1999}) 15. Re2 $6 {White rooks have
nothing to do over an e-file so I don't especially like this move. On the
other hand, it doesn't really spoil much since white can afford himself to
waste a few tempi in this particular line.} (15. Bc2 Bf8 16. Ne4 Nxe4 17. Rxe4
Nf6 18. Re5 Qc7 19. Rg5 h6 20. Rg3 Bd6 21. Rh3 $14 {Lawson,E-Auger,B/Laval 2004
}) 15... Nf8 16. h4 Rd7 17. Rae1 Qc7 {[%cal Ge8d8] Protecting the bishop on e7
and preparing Rad8.} 18. Nf1 {White isn't particularily concerned about the
possible exchange sacrifice on d4.} (18. Rc1 Qd8 19. Bb1 Qb6 20. Nf1 Qa5 21.
Bc2 Qh5 22. Qxh5 Nxh5 23. g3 $14 {Steingrimsson,H-Lyrberg,P/Gausdal 1994}) (18.
h5) 18... Red8 19. Bb1 (19. b4 a5 20. Bc3 axb4 21. axb4 Rxd4 22. Bxd4 Rxd4 23.
b5 Rxh4 24. bxc6 bxc6 $132) 19... Rxd4 $5 {Black decides to take the risk,
although the consequances of this sacrifice are not perfectly clear.} 20. Bxd4
Rxd4 21. Qe3 $1 {White correctly estimates that black's attack is not that
dangerous.} (21. g3 Bxa3 22. Rd2 Bc5 23. Rxd4 Bxd4 $13) 21... Rxh4 22. Qxa7 Rh5
{[%cal Gh5a5]} 23. b4 Qf4 $1 {[%csl Rg1][%cal Ge7d6,Gf4h4,Gf6g4]} 24. Ng3 $5 (
24. Qxb7 Qh4 25. f3 Bd6 26. Qxc6 Bh2+ (26... Qd4+ 27. Re3 Bf4 28. Be4 Re5 29.
a4 N6d7 $132) 27. Nxh2 Qxh2+ 28. Kf2 Qf4 29. Re4 Nxe4+ 30. Qxe4 Qd2+ 31. Kg1
Qh6 $44) 24... Bd6 25. c5 $2 {This move is just a blunder in a very promising
position. After correct 25.Re3! I didn't manage to find an equality for black,
ven though white's position looks very dangerous.} (25. Rd1 $2 Qh4 26. Rxd6
Qh2+ 27. Kf1 Qh1+ 28. Nxh1 Rxh1#) (25. Re3 $142 $1 Rh6 (25... Ng4 $6 26. Re4
Re5 27. Rxf4 Rxe1+ 28. Nf1 Bxf4 29. g3 $16) 26. Qxb7 Qh4 (26... Qxc4) 27. Qxc6
Bxg3 28. fxg3 Qh2+ 29. Kf1 Ng4 30. Rb3 Rf6+ 31. Ke2 Rf2+ 32. Kd1 Rxg2 33. Qf3
$16) 25... Qh4 $19 26. Re3 Bxg3 27. fxg3 Qd4 $1 {[%csl Ra7][%cal Gf6d5,Gd4g1]
Now it's all over.} 28. Qb8 (28. Kf1 Ng4 29. Rf3 Qd2 $19) 28... Nd5 29. Qd6 e5
30. g4 Rg5 31. Qd8 Rxg4 32. Bf5 Rg3 33. Kh2 0-1

[Event "GER-ch 72nd"]
[Site "Heringsdorf"]
[Date "2000.11.25"]
[Round "9"]
[White "Graf, Alexander"]
[Black "Slobodjan, Roman"]
[Result "1-0"]
[WhiteElo "2642"]
[BlackElo "2539"]
[Annotator "Finkel,A"]
[PlyCount "77"]
[EventDate "2000.11.17"]
[EventType "swiss"]
[EventRounds "9"]
[EventCountry "GER"]
[SourceTitle "CBM 080"]
[Source "ChessBase"]
[SourceDate "2001.01.25"]
[SourceVersion "1"]
[SourceVersionDate "2001.01.25"]
[SourceQuality "1"]

{[%mdl 704]} 1. e4 {Ernst.} e6 2. d4 d5 3. Nc3 dxe4 4. Nxe4 Nd7 5. Nf3 Ngf6 6.
Nxf6+ Nxf6 7. Bg5 Be7 8. Bd3 a6 {'?!' Ernst.} 9. Qe2 c5 10. dxc5 Qa5+ 11. c3
Qxc5 12. O-O (12. O-O-O h6 13. Bh4 b5 14. Ne5 Bb7 15. f4 Rd8 16. Rhe1 O-O 17.
Ng6 $1 $14 {Somlai,L-Vulicevic,N/New York Marshall 1993}) 12... b6 (12... Bd7
13. Ne5 Rd8 14. Rad1 Nd5 $2 15. Qh5 g6 16. Nxg6 $1 Nf4 17. Nxf4 Qxg5 18. Qxg5
Bxg5 19. Ne2 $16 {Zakic,S-Marjanov,Z/Nis op 1993}) (12... O-O 13. Rad1 b5 $4
14. Bxf6 Bxf6 15. Qe4 {1-0 Van Riemsdijk,H-Lo Presti,R/Clarin GP1 Boca Juniors
1997}) 13. Ne5 $5 {White's play is so energetic and strong that it's not clear
where black has made the decisive mistake.} (13. Rad1 Bb7 14. Ne5 Rd8 15. Kh1
Qc8 16. f4 g6 17. Rfe1 b5 18. c4 $14 {Palac,M-Tratar,M/Open 1999}) (13. Qe5 Bb7
14. Qxc5 Bxc5 15. Rad1 h6 16. Bf4 O-O 17. Be2 Rfd8 18. Be5 b5 $11 {Ivanov,
A-Seirawan,Y/ch-USA prelim B playoffs 1999}) 13... Bb7 (13... O-O $4 14. Bxf6
Bxf6 15. Qe4 $18 {[%cal Ge4a8,Ge4h7]}) 14. Rfe1 Qd5 (14... Nd5 $6 15. Qf3 (15.
Nxf7 Kxf7 16. Qxe6+ Kf8 $13) 15... Bf6 16. Bxf6 gxf6 17. Ng4 $16) (14... O-O $6
15. Bxf6 Bxf6 16. Nd7 Qc6 (16... Qg5 17. f4 Qxf4 18. Nxf8 Kxf8 19. Be4 $16) 17.
Nxf6+ gxf6 18. Qg4+ Kh8 19. Be4 Qc7 20. Bxb7 Qxb7 21. Qh4 $16) 15. Qf1 Bd6 (
15... O-O 16. Bxf6 Bxf6 17. Be4 Qd6 18. Bxb7 Bxe5 19. Bxa8 $18) 16. Bf4 (16.
Bxf6 $6 gxf6 17. Nf3 (17. Be4 $4 Qxe5 $19 {[%csl Rh2][%cal Ge5h2]}) 17... f5
$13) 16... Qc5 (16... O-O $2 17. Rad1 Qc5 18. Nd7 $3 Nxd7 19. Bxd6 Qxd6 20.
Bxh7+ $18) 17. Rad1 Bc7 (17... Nd5 18. Bg3 (18. Be4 Nxf4 19. Bxb7 $16)) 18. b4
$1 {Very strong idea permitting white to win by force.} Qe7 19. Bb5+ $1 axb5
20. Qxb5+ Kf8 21. Nd7+ Nxd7 22. Bxc7 Ke8 $8 23. Bxb6 Rc8 (23... Ba6 24. Qc6 Rc8
25. Qa4 Bb7 26. Bc5 Qd8 27. Rd6 Ra8 28. Qb5 Bc8 29. Qc4 $1 $18 {[%csl Re6,Re8]
[%cal Gd6e6]}) 24. Bc5 Bc6 25. Qa6 Qd8 26. Rd6 Qc7 27. Rdxe6+ $3 {This move
white had to forsee while playing 18.b4!.} fxe6 28. Rxe6+ Kf7 29. Qc4 $1 $18 {
[%cal Gc4f7]} Nxc5 (29... Nf6 30. Re7+ Kg6 31. Qf7+ Kf5 32. Rxc7 $18) 30. Rxc6+
Ke8 31. Rxc5 $1 Qxc5 32. bxc5 Ke7 33. Qe4+ Kf7 34. Qf5+ Ke7 35. g4 g6 36. Qe5+
Kf7 37. Qd5+ Ke7 38. Qd6+ Kf7 39. Qd7+ 1-0

[Event "RUS-chT 05th"]
[Site "Maikop"]
[Date "1998.06.12"]
[Round "10"]
[White "Morozevich, Alexander"]
[Black "Zakharevich, Igor"]
[Result "1-0"]
[WhiteElo "2590"]
[BlackElo "2530"]
[Annotator "Finkel,A"]
[PlyCount "101"]
[EventDate "1998.06.03"]
[EventType "team-tourn"]
[EventRounds "11"]
[EventCountry "RUS"]
[SourceTitle "CBM 066"]
[Source "ChessBase"]
[SourceDate "1998.09.30"]
[SourceVersion "1"]
[SourceVersionDate "1998.09.30"]
[SourceQuality "1"]
[WhiteTeam "Tomsk 400"]
[BlackTeam "Cherepovets Severstal"]
[WhiteTeamCountry "RUS"]
[BlackTeamCountry "RUS"]

1. e4 {Finkel,A} e6 2. d4 d5 3. Nc3 dxe4 4. Nxe4 Nd7 5. Nf3 Ngf6 6. Nxf6+ Nxf6
7. Bg5 h6 8. Bh4 c5 9. Bc4 (9. Bxf6 {Finkel,A} gxf6 $5 10. Be2 cxd4 11. Nxd4
Bc5 12. Nb3 Qxd1+ 13. Rxd1 Bb6 14. Bf3 Rb8 15. O-O Bd7 $11 {Huebner,R-Rivas
Pastor,M/Manila olm 1992 (49)}) (9. c3 {Finkel,A} cxd4 10. Nxd4 Be7 11. Bb5+
Bd7 12. Qb3 Bxb5 13. Qxb5+ Qd7 14. Qxd7+ Nxd7 15. Bxe7 Kxe7 16. O-O-O Rhc8 17.
Rhe1 $11 {1/2-1/2 Sax,G-Psakhis,L/Manila olm 1992}) (9. Bd3 $5 {Finkel,A} cxd4
10. Nxd4 Be7 11. O-O O-O 12. c3 Nd5 13. Bg3 Bd6 14. Qe2 a6 15. Rad1 $14 {
Wegener,D-Plesec,D/Budapest FS06 IM 1993/1/2-1/2 (66)}) (9. Be2 {Finkel,A} Be7
10. O-O O-O 11. c3 Qb6 12. Qc2 Rd8 13. Rfd1 Bd7 14. a4 Rac8 $132 {Mirumian,
V-Zifroni,D/EUchJM-U18 1994 (42)}) (9. dxc5 {Finkel,A} Qa5+ (9... Qxd1+ 10.
Rxd1 Bxc5 11. Be2 Ke7 12. Ne5 g5 13. Bg3 Ne4 14. Bh5 Rf8 15. Bf3 $14 {Vallejo
Pons,F-Kaminski,M/WchJM-U18 1995 (42)}) 10. c3 Qxc5 11. Qd4 Qxd4 12. Nxd4 g5
13. Bg3 Ne4 $132 {Stisis,Y-Zifroni,D/Rishon le Zion YM-IM 1995 (52)}) 9... cxd4
10. O-O (10. Qxd4 {Finkel,A} Qxd4 11. Nxd4 a6 12. a4 Bd7 13. f3 Rc8 14. Bb3 Bc5
15. O-O-O Rd8 $11 {Dutreeuw,M-Arkhipov,S/Miskolc 1990/1/2-1/2 (75)}) 10... Bd6
{In sixth round of the tournament Ulibin has tried 10...Be7,but was simply
crushed:} (10... Be7 11. Qe2 a6 12. Rad1 b5 13. Bb3 Nd7 $6 14. Qe4 $36 {
Morozevich,A-Ulibin,M/Russian Club Cup 1998 (23)}) (10... Bc5 {Finkel,A} 11.
Qe2 O-O 12. Rad1 Qb6 13. Bxf6 gxf6 14. Nxd4 Qxb2 15. Rd3 $1 $40 {Kling,
T-Vuksanovic,S/Erevan olw 1996 (25)}) 11. Qxd4 (11. Nxd4 $2 Bxh2+ $1 12. Kxh2
Qc7+ 13. Bg3 Qxc4 $17) 11... g5 $5 {Transferring the game into ending,which
however seems to be slightly better for white.} 12. Bg3 Bxg3 13. Qxd8+ Kxd8 14.
fxg3 $1 $14 {[%cal Gf1f7]} (14. hxg3 Ke7 15. Rad1 Bd7 16. Ne5 Rhd8 17. Rd2 Be8
$11) 14... Ke7 15. Ne5 Rh7 $1 {Protecting the pawn on f7 and by this letting
possible to move with the knight.} 16. Rae1 Ne8 17. Bd3 Rg7 {[%csl Rg7]} 18. c4
Bd7 19. c5 Bc6 20. Rf2 ({Promising alternative was} 20. Nxc6+ $5 bxc6 21. Rf3
$5 (21. Be4 Nf6 $1 22. Bxc6 Rc8 23. Bf3 Rxc5 24. Rc1 Rxc1 25. Rxc1 g4 26. Ba8
Kd7 $132) 21... Nf6 22. b4 a5 (22... Rgg8 $2 23. Ref1 $18 {[%csl Rf7]}) 23. b5
cxb5 24. Bxb5 Rd8 25. c6 $14 {with better chanses.}) 20... Nc7 21. Ref1 ({
It was still possible to play} 21. Nxc6+ $5 {with slightly better prospects.})
21... Be8 22. Be4 Rb8 23. a3 g4 (23... f5 $1 24. Bc2 g4) 24. b4 ({More
accurate was} 24. Rf6 $5 h5 25. b4 Nb5 26. Rh6 f5 27. Bd3 Rd8 28. Bc4 Nc7 29.
Re1 $36 {with certain pressure.}) 24... f5 25. Bc2 Kf6 $132 26. Re1 Rd8 27. Bb3
Bc6 28. Ba2 (28. Nxc6 bxc6 29. Rfe2 Re7 30. Ba4 Nb5 31. Bxb5 cxb5 $11) 28...
Rd4 29. Nc4 Bd5 30. Nd6 Bxa2 31. Rxa2 b6 32. Rf2 Rg8 33. Rc1 bxc5 34. Nb7 c4
35. Rf4 Rd2 (35... Nb5 $5 36. Rxd4 Nxd4 37. Rxc4 e5 38. a4 Rg7 39. Nc5 Ke7 $13)
36. Rfxc4 Nd5 (36... Nb5 $5 37. a4 Nd4 38. Kf1 e5 39. Na5 $5 (39. b5 $6 Rg5 $1
40. a5 Rh5 $17 {[%csl Rf1]}) 39... Rd8 (39... Rg5 $6 40. Nc6 Rh5 41. Nxd4 exd4
42. Kg1 $14) 40. Nc6 Nxc6 41. Rxc6+ Kg5 $15 {[%cal Gd2a2,Gd8d2]}) 37. R4c2 Rd3
38. Rc6 Re8 $2 {The turning point in the game.After simple} (38... Rxa3 39. Nc5
Re8 40. Re1 Re3 41. Rxe3 Nxe3 42. Rc7 Nd5 43. Rxa7 Nxb4 44. Nd7+ Kg5 $17 {
black would have good winning chanses.}) 39. Ra6 Rd2 40. Re1 $1 Nc3 $2 {
Another mistake with disasterous consequances.} (40... Re7 $5 41. Nc5 (41. Rxa7
$6 Rc2 42. Ra6 Rxb7 43. Rexe6+ Kg7 44. Rg6+ Kf8 45. Rxh6 Ne3 $17) 41... Nb6 42.
a4 Rd6 43. a5 Nc4 44. Rc1 $14) 41. Nc5 Ne2+ 42. Kf1 Nd4 43. Rxa7 $16 Kg5 44.
Rg7+ Kf6 45. Rd7 e5 46. Rd6+ Kf7 47. b5 e4 48. b6 $18 e3 49. b7 e2+ 50. Kf2 Rd1
51. Rxd4 1-0